Rosa Parks : (Record no. 615866)

MARC details
000 -LEADER
fixed length control field 00446nam a2200181 a 4500
008 - FIXED-LENGTH DATA ELEMENTS--GENERAL INFORMATION
fixed length control field 260225s2009##################000#0#eng##
020 ## - INTERNATIONAL STANDARD BOOK NUMBER
ISBN 9781422205976
082 04 - DEWEY DECIMAL CLASSIFICATION NUMBER
Classification number 323.092
Item number HOE
100 1# - MAIN ENTRY--AUTHOR NAME
Personal name Hoe, Susan,
245 10 - TITLE STATEMENT
Title Rosa Parks :
260 ## - PUBLICATION, DISTRIBUTION, ETC. (IMPRINT)
Year of publication 2009.
650 #0 - SUBJECT ADDED ENTRY--TOPICAL TERM
Topical Term African American women.
942 ## - ADDED ENTRY ELEMENTS (KOHA)
Koha item type English Books
Holdings
Withdrawn status Lost status Damaged status Not for loan Home library Current library Shelving location Date acquired Full call number Accession Number Price effective from Koha item type
        Anna Centenary Library Anna Centenary Library 3RD FLOOR, B WING 25.02.2026 323.092 HOE 440328 25.02.2026 English Books

Find us on the map